| 000 | 01020cam a22003137a 4500 | ||
|---|---|---|---|
| 003 | CHAP | ||
| 005 | 20220817041332.0 | ||
| 008 | 971013s1949 r 00010 d | ||
| 010 | _a11538 | ||
| 011 | _a12510 | ||
| 035 | _a15696 | ||
| 040 | _cCHAP | ||
| 090 | _aFolleto 11767y | ||
| 100 | 0 | 0 |
_aNannetti, Guillermo. _980113 |
| 245 | 1 | 0 |
_aDrama de Antonio Arango _b: alfabeto del suelo |
| 260 |
_aBuenos Aires : _bSudamericana, _c1949 |
||
| 300 |
_a73 p. _b: ilus. |
||
| 490 | 0 |
_aSer. A. Los hombres y sus alimentos _v; vol. 2 |
|
| 590 |
_aBATCH-UPD _b10 _c20130110 _lUCH01 _h1949 |
||
| 590 |
_aBATCH-UPD _b10 _c20130410 _lUCH01 _h1311 |
||
| 590 |
_aBATCH-UPD _b10 _c20130914 _lUCH01 _h1315 |
||
| 590 |
_aCONVERSION _b10 _c20130109 _lUCH01 _h1308 |
||
| 650 | 1 | 4 |
_aErosión _xPrevención y control. _937337 |
| 650 | 1 | 4 |
_aRecursos naturales _xConservación. |
| 830 | 0 |
_aSer. A. Los hombres y sus alimentos _v; vol. 2 _9104515 |
|
| 901 | _aBK | ||
| 942 | _cFOLL | ||
| 949 |
_aFolleto 11767y _bBC _cFOLL _d-27905 _eTS1 _i15696 _mD _si |
||
| 999 |
_c11538 _d11538 |
||